Slovenský zamestnávateľ
Z obsahu prílohy: Kultúra manažmentu. Výhrady k dovoznej prirážke. Riziká najmä v dani z príjmu. Čiarové kódy v zrkadle praxe. Medzník gumárenského strojárstva. Pomoc revitalizácii. Zväz stavebných podnikateľov Slovenska.
Guardado en:
| Autor principal: | |
|---|---|
| Otros Autores: | , |
| Formato: | Capítulo de libro |
| Lenguaje: | eslovaco |
| Materias: | |
| Etiquetas: |
Sin Etiquetas, Sea el primero en etiquetar este registro!
|
MARC
| LEADER | 00000naa a2200000 4500 | ||
|---|---|---|---|
| 001 | r027398 | ||
| 005 | 20230824091214.2 | ||
| 041 | 0 | |a slo | |
| 044 | |a SK | ||
| 245 | 1 | 0 | |a Slovenský zamestnávateľ |c F. Bruckmayer, F. Slávik, J. Puchovský |
| 520 | |a Z obsahu prílohy: Kultúra manažmentu. Výhrady k dovoznej prirážke. Riziká najmä v dani z príjmu. Čiarové kódy v zrkadle praxe. Medzník gumárenského strojárstva. Pomoc revitalizácii. Zväz stavebných podnikateľov Slovenska. | ||
| 610 | 2 | 0 | |a Slovensko |
| 610 | 2 | 0 | |a 1997 |
| 610 | 2 | 0 | |a manažment |
| 610 | 2 | 0 | |a zamestnávatelia |
| 610 | 2 | 0 | |a prirážky dovozné |
| 610 | 2 | 0 | |a stavebníctvo |
| 610 | 2 | 0 | |a dane z príjmov |
| 610 | 2 | 0 | |a kódy čiarové |
| 610 | 2 | 0 | |a priemysel strojársky |
| 610 | 2 | 0 | |a obchod zahraničný |
| 610 | 2 | 0 | |a oživenie |
| 610 | 2 | 0 | |a Zväz stavebných podnikateľov Slovenska Bratislava |
| 100 | 1 | |a Bruckmayer, F. | |
| 700 | 1 | |a Slávik, F. | |
| 700 | 1 | |a Puchovský, J. | |